Water: (Record no. 26260)

MARC details
000 -LEADER
fixed length control field 00818nam a22002417a 4500
005 - DATE AND TIME OF LATEST TRANSACTION
control field 20200130142455.0
008 - FIXED-LENGTH DATA ELEMENTS--GENERAL INFORMATION
fixed length control field 080814t xxu||||| |||| 00| 1 eng d
010 ## - LCCN (DPL NO)
LC control number B-285038
020 ## - INTERNATIONAL STANDARD BOOK NUMBER
International Standard Book Number 01670999075
Terms of availability 325.00
020 ## - INTERNATIONAL STANDARD BOOK NUMBER
International Standard Book Number 9780670999071
Terms of availability 325.00
035 ## - SYSTEM CONTROL NUMBER
System control number B-285038,B-218089
035 ## - SYSTEM CONTROL NUMBER
System control number B-218079
037 ## - SOURCE OF ACQUISITION
Source of stock number/acquisition UBH (Vender)
040 ## - CATALOGING SOURCE
Original cataloging agency DPL
Language of cataloging ENG
082 ## - DEWEY DECIMAL CLASSIFICATION NUMBER
Classification number N
100 ## - MAIN ENTRY--PERSONAL NAME
Personal name Sidhwa, Bapsi
245 ## - TITLE STATEMENT
Title Water:
Statement of responsibility, etc by Bapsi Sidhwa
Remainder of title a novel based on the film by Deepa Mehta /
260 ## - PUBLICATION, DISTRIBUTION, ETC. (IMPRINT)
Place of publication, distribution, etc New Delhi
Name of publisher, distributor, etc Penguin (Viking) Books
Date of publication, distribution, etc 2006
270 ## - ADDRESS
Address 11 Community Centre, Panchsheel Park
City New Delhi
Postal code 110017
300 ## - PHYSICAL DESCRIPTION
Extent 201p.
Dimensions 20cm. (Hb)
942 ## - ADDED ENTRY ELEMENTS (KOHA)
Source of classification or shelving scheme Dewey Decimal Classification
Item type English Books
Classification part N
Call number suffix SID
Holdings
Withdrawn status Lost status Source of classification or shelving scheme Damaged status Not for loan Collection code Home library Current library Date acquired Source of acquisition Cost, normal purchase price Total Checkouts Total Renewals Full call number Barcode Date last seen Copy number Cost, replacement price Koha item type
    Dewey Decimal Classification     Fiction Patel Nagar Patel Nagar 12/05/2009 UBH/143/25.8.08/187/21.7.08/29.8.08 325.00 15 1 N SID B-285038 05/12/2018 1 325.00 English Books
    Dewey Decimal Classification     Fiction R.K.Puram-8 R.K.Puram-8 30/01/2020 BPPD/PURCHASE 325.00 1   N SID B-218079 14/02/2020 1 325.00 English Books
    Dewey Decimal Classification     Fiction Sarojini Nagar Sarojini Nagar 08/04/2019     2 1 N SID B-218092 24/05/2019     English Books
    Dewey Decimal Classification     Fiction Yojana Vihar Yojana Vihar 23/09/2019 BPPD/PUB       N SID B-218091 23/09/2019 1   English Books

© Delhi Public Library
Hit Counter
free hit counter